ELECTRONIC SYNTHESISER PROJECTS (Record no. 580404)
[ view plain ]
| 000 -LEADER | |
|---|---|
| fixed length control field | 00346nam a22001337a 4500 |
| 020 ## - INTERNATIONAL STANDARD BOOK NUMBER | |
| International Standard Book Number | 0-85934-056-2 |
| 082 ## - DEWEY DECIMAL CLASSIFICATION NUMBER | |
| Classification number | 621.3815 BER'E |
| 100 ## - MAIN ENTRY--PERSONAL NAME | |
| Personal name | BERRY, M. K |
| 9 (RLIN) | 74903 |
| 245 ## - TITLE STATEMENT | |
| Title | ELECTRONIC SYNTHESISER PROJECTS |
| 260 ## - PUBLICATION, DISTRIBUTION, ETC. | |
| Place of publication, distribution, etc. | ENGLAND |
| Name of publisher, distributor, etc. | BERNARD |
| Date of publication, distribution, etc. | 1981 |
| 300 ## - PHYSICAL DESCRIPTION | |
| Extent | 81P |
| 650 ## - SUBJECT ADDED ENTRY--TOPICAL TERM | |
| Topical term or geographic name entry element | MUSICAL INSTRUMENTS ELECTRONIC CONSTRUCTION |
| 9 (RLIN) | 74904 |
| 942 ## - ADDED ENTRY ELEMENTS (KOHA) | |
| Koha item type | Book |
| Withdrawn status | Lost status | Damaged status | Not for loan | Permanent Location | Current Location | Shelving location | Date acquired | Total Checkouts | Full call number | Barcode | Date last seen | Price effective from | Koha item type |
|---|---|---|---|---|---|---|---|---|---|---|---|---|---|
| College of Electrical & Mechanical Engineering (CEME) | College of Electrical & Mechanical Engineering (CEME) | General Stacks | 05/11/2017 | 621.3815 BER'E | CEME-14542 | 06/28/2021 | 06/28/2021 | Book |
